| 000 | 00414cam a2200181ua 4500 | ||
|---|---|---|---|
| 020 | _cRs. 2.00 | ||
| 041 |
_aeng _h |
||
| 082 |
_a200.03 _bKRI/SA |
||
| 100 | _aKrishnapillai, G . | ||
| 245 | _aSankyasabda nikhandu | ||
| 250 |
_a1 / _b. |
||
| 260 |
_aKottayam : _bVidyarthimithram bookdepo , _c1955. |
||
| 300 | _a186 ; . | ||
| 365 | _aRs. 2.00 | ||
| 504 | _a | ||
| 942 | _cBK | ||
| 999 |
_c268 _d268 |
||